U.S. Cities with the Most Japanese - Statistics

General Stats
  • This quiz has been taken 264 times
  • The average score is 9 of 10
Answer Stats
Population Metro Area % Correct
56,000 New York
98%
177,000 Los Angeles
97%
66,000 San Francisco
96%
53,000 Seattle
90%
35,000 San Diego
87%
24,000 Chicago
86%
190,000 Honolulu
83%
37,000 San Jose
75%
22,000 Washington, D.C.
74%
25,000 Sacramento
70%
No matching quizzes found
Score Distribution
Percent of People with Each Score
Percentile by Number Answered
Your Score History
You have not taken this quiz